Democracia, incertidumbre y abstencionismo: algunos malestares políticos de nuestra época /

Gorde:
Xehetasun bibliografikoak
Egile nagusia: Solórzano Alfaro, Norman José
Formatua: Texto
Gaiak:
Etiketak: Etiketa erantsi
Etiketarik gabe, Izan zaitez lehena erregistro honi etiketa jartzen!

MARC

LEADER 00000 a a2200000 04500
001 11827
003
040
100 |a Solórzano Alfaro, Norman José  
245 |a Democracia, incertidumbre y abstencionismo:   |b algunos malestares políticos de nuestra época /  |c Norman José Solórzano Alfaro 
650 |a DEMOCRACIA  
650 |a CRISIS  
650 |a COMPORTAMIENTO POLITICO  
773 |g número 121; páginas 28-32  
999 |c 24741  |d 24741